000 00305nam a2200109Ia 4500
008 200302s9999 xx 000 0 und d
100 _aEdward M .Gomez
245 _aUrban Places Public spaces –The architecture of Anthony Belluschi
260 _bEdizioni Press Newyork
260 _c2006
300 _a96 P.,
999 _c2924
_d2924